00000000nam 2200000zi 4500
0019.949603
003CaOODSP
00520250417082658
006m     o  d f      
007cr mn|||||||||
008250328s2025    onc     obs  f000 0 eng d
020 |a9780660767093
040 |aCaOODSP|beng|erda|cCaOODSP
043 |an-cn---
0861 |aPS83-3/484E-PDF
1001 |aGendron, Marie-Pierre, |eauthor.
24510|aInfectious diseases, risk behaviours, and harm reduction in men's institutions : |bfindings from the 2022 National Health Survey / |cMarie-Pierre Gendron, Kayla Wanamaker, Daniella Filoso, Wardah Mahboob & Sara Johnson.
264 1|aOttawa, Ontario : |bCorrectional Service of Canada = Service correctionnel Canada, |c2025.
300 |a1 online resource (vii, 100 pages).
336 |atext|btxt|2rdacontent
337 |acomputer|bc|2rdamedia
338 |aonline resource|bcr|2rdacarrier
4901 |aResearch report ; |vno. R-484
500 |aIssued also in French under title: Maladies infectieuses, comportements à risque et réduction des méfaits dans les établissements pour hommes : résultats du Sondage 2022 sur la santé.
504 |aIncludes bibliographical references (pages 50-54).
650 0|aMale prisoners|xDiseases|zCanada|vStatistics.
650 0|aMale prisoners|xServices for|zCanada|vStatistics.
655 7|aStatistics|2lcgft
7102 |aCorrectional Service Canada, |eissuing body.
77508|tMaladies infectieuses, comportements à risque et réduction des méfaits dans les établissements pour hommes : |w(CaOODSP)9.949604
830#0|aResearch report (Correctional Service Canada. Research Branch)|vno. R-484.|w(CaOODSP)9.506063
85640|qPDF|s1.21 MB|uhttps://publications.gc.ca/collections/collection_2025/scc-csc/PS83-3-484-eng.pdf